000 00515nam a2200181 a 4500
001 000035826
005 20200930074638.0
008 111115s1959 fr ab 000 0 spa d
040 _aDO-SdBNP
_bspa
_cBNPHU
100 1 _aAlba, André
_961792
245 1 0 _aLes temps modernes /
_cAndrés Alba.
260 _aParis :
_bClassiques Hachette,
_c1959.
300 _a555 p. :
_bil., map. ;
_c22 cm.
490 1 _aHistoire
_v3
740 0 _aCurso de historia Jules Isaac.
830 0 _aHistoires
_v3
_961793
049 _aBNPD
999 _c35317
_d35317